Measurement theory for the behavioral sciences /

Bibliographic Details
Main Author: Ghiselli, Edwin E. (Edwin Ernest), 1907-1980
Other Authors: Campbell, John Paul, 1937-, Zedeck, Sheldon
Format: Book
Language:English
Published: San Francisco : W.H. Freeman, [1981]
Series:Series of books in psychology.
Subjects:

MARC

Tag First Indicator Second Indicator Subfields
LEADER 00000pam a2200000 a 4500
001 in00000087336
005 20151008062916.0
008 801107s1981 caua b 00110 engm
010 |a  80027069  
020 |a 071671048X 
020 |a 0716712520 (pbk.) 
035 |a (OCoLC)07170462 
035 |9 AAK1183AM 
040 |a DLC  |c DLC  |d m.c.  |d TXA  |d UtOrBLW 
049 |a TXAM  |c [985700] 
050 0 0 |a BF39  |b  G49 
082 0 |a 150/.72  |2 19 
100 1 |a Ghiselli, Edwin E.  |q (Edwin Ernest),  |d 1907-1980. 
245 1 0 |a Measurement theory for the behavioral sciences /  |c Edwin E. Ghiselli, John P. Campbell, Sheldon Zedeck. 
264 1 |a San Francisco :  |b W.H. Freeman,  |c [1981] 
264 4 |c ©1981 
300 |a xv, 494 pages :  |b illustrations ;  |c 24 cm. 
336 |a text  |b txt  |2 rdacontent 
337 |a unmediated  |b n  |2 rdamedia 
338 |a volume  |b nc  |2 rdacarrier 
490 1 |a A Series of books in psychology 
504 |a Includes bibliographies and indexes. 
650 0 |a Psychometrics. 
700 1 |a Campbell, John Paul,  |d 1937- 
700 1 |a Zedeck, Sheldon. 
830 0 |a Series of books in psychology. 
999 |a MARS 
999 f f |s 27481c16-e53e-3371-8110-ad324fc1a98b  |i f959f609-98ee-314b-a04f-7dcfb6e9a3c3  |t 0 
952 f f |p normal  |a Texas A&M University  |b College Station  |c Sterling C. Evans Library  |d Evans: Library Stacks  |t 0  |e BF39 G49  |h Library of Congress classification  |i unmediated -- volume  |m A14805978467 
998 f f |a BF39 G49  |t 0  |l Evans: Library Stacks